Niemieckie miasta - nagła śmierć - Statystyki

Ogólne statystyki
  • Ten quiz został rozwiązany 397 razy
  • Średni wynik to 11 z 12
Answers on the Grid
Answers color-coded by a green-red scale on the quiz's grid according to % correct below.
Berlin
Monachium
Stambuł
Hamburg
Sztokholm
Kolonia
Dubrownik
Stuttgart
Petersburg
Liverpool
Dortmund
Tallin
Düsseldorf
Mediolan
Lipsk
Neapol
Ateny
Gdańsk
Brema
Drezno
Goteborg
Bochum
Valletta
Wrocław
Dublin
Salzburg
Bielefeld
Addis Abeba
 
Statystyki odpowiedzi
Odpowiedź % Poprawnych
Berlin
100%
Hamburg
97%
Monachium
96%
Düsseldorf
93%
Kolonia
92%
Dortmund
90%
Stuttgart
90%
Lipsk
88%
Drezno
85%
Brema
83%
Bochum
75%
Bielefeld
69%
Nie znaleziono quizów pasujących do podanych kryteriów
Rozkład punktacji
Procent ludzi z każdym wynikiem
Percentyl według liczby udzielonych odpowiedzi
Twoja historia wyników
Nie rozwiązałeś tego quizu